| 000 | 00000nam##2200000za#4500 |
| 001 | 9.616083 |
| 003 | CaOODSP |
| 005 | 20210615101419 |
| 007 | ta |
| 008 | 150406|2002||||xxc||||| f|0| 0 eng|d |
| 020 | |a0-662-32816-7 |
| 040 | |aCaOODSP|beng |
| 043 | |an-cn--- |
| 086 | 1 |aNE22-5/2002-1E |
| 110 | 1 |aCanada. |bNational Energy Board. |
| 245 | 10|aWestcoast Energy Inc. settlement for 2002 and 2003 tolls |
| 260 | |bNational Energy Board |c2002. |
| 300 | |ai, 28p. : |btables ; |c28 cm. |
| 490 | 1 |aDecision and order |
| 520 | 3 |aThis document is a decision and order of the National Energy Board, an independent tribunal with responsibilities for regulating the oil, gas, and electricity industries. The Board seeks to protect public safety, safeguard the environment, and promote economic efficiency. Its decisions affect the industry, energy consumers, and anyone who owns land or lives in the vicinity of pipeline and international power line rights-of-way. |
| 563 | |aSoftcover |
| 590 | |a03-35|b2003-08-29 |
| 690 | 07|aPipelines|2gcpds |
| 690 | 07|aPetroleum|2gcpds |
| 690 | 07|aLaw|2gcpds |
| 775 | 08|tWestcoast Energy Inc. - règlement visant les droits de 2002-2003 |w(CaOODSP)9.626010 |
| 776 | 0#|tDecision and order in the matter of Westcoast Energy Inc. settlement for 2002 and 2003 tolls |w(CaOODSP)9.572688 |
| 830 | #0|aDecision and order.|w(CaOODSP)9.514805 |